000 00514cam a2200205ua 4500
001 9797
008 160903n ii |||gr||||Z||||||asm
020 _a9789382030386
040 _cMAIN
041 _aasm
082 _a338.954
100 _aAhmed, Rofique,
_eAuthor.
245 _aBharator prakshpotot unnayan arthashastra-1
_cBy Rofique Ahmed
250 _a3rd ed.
260 _aJorhat:
_bUnika prakashan,
_c2015.
300 _a360p.
653 _aProduction
653 _aDevelopment economics
942 _cBK
999 _c8807
_d8807